000 01351nam0a2200337 i 4500
001 RU\NLR\bibl\1906573
005 20260406025840.0
010 _a9785439600670
_93000
021 _aRU
_b2012-32663
_92426
035 _a(NLR Aleph) 001896145
090 _a2985845
_c2985845
100 _a20120523d2012 k y0rusy50 ca
101 0 _arus
102 _aRU
105 _ay |||||||||
200 1 _aПрофилактика легализации преступных доходов
_eмонография
_fР.В. Жубрин, А.Н. Ларьков
210 _aМосква
_cЮрлитинформ
_d2012
215 _a358, [1] с.
_d22
225 1 _aКриминология
300 _aНа обороте тит. л. авт.: Жубрин Р.В., к.ю.н., Ларьков А.Н., д.ю.н., проф.
320 _aБиблиогр.: с. 336-356
606 _aОтмывание денег
_xБорьба с ним
_92105628
_3RU\NLR\auth\661576636
686 _aХ883.7
686 _aХ628.322.16
700 1 _aЖубрин
_bР. В.
_gРоман Владимирович
_4070
701 1 _4070
_8rus
_7ca
_aЛарьков
_bА. Н.
_gАнатолий Николаевич
_3RU\NLR\auth\77278
_9110334
801 0 _aRU
_bNLR
_c20120523
_gRCR
801 1 _aRU
_bNLR
_c20120523
942 _cBOOK
980 _aNBR